000
00222nam a2200097Ia 4500
008
240331s9999 xx 000 0 und d
082
_b
KUR
100
_a
Kurian, C.T
245
0
_a
Thamilaka kiramappura maruthalkal
942
_c
L
999
_c
2230
_d
2230